| 000 | 00663nam a22002057a 4500 | ||
|---|---|---|---|
| 005 | 20160920165207.0 | ||
| 010 | _aENG-116053 | ||
| 020 |
_c845.00 _a9789352602193 |
||
| 020 |
_a9352602196 _c845.00 |
||
| 035 | _aEN-99585 | ||
| 037 | _bDBAD/PUB | ||
| 082 | _a621.8 | ||
| 100 | _aSlariya, Vikas | ||
| 245 |
_a Mechanical engineering for GATE : _cby Vikas Slariya _bgraduate aptitude test in engineering / |
||
| 250 | _afourth edition | ||
| 260 |
_aNoida _bMcGraw Hill Education _c2017 |
||
| 270 |
_aB-4, Sector - 63, Gautam Budh Nagar, _bNoida (UP) _e201301 |
||
| 300 |
_avarious pagings : _c25cm(pbk) _bill |
||
| 942 |
_2ddc _cEN _mSLA _h621.8 |
||
| 999 |
_c103467 _d103467 |
||